[Event "Russian Winter op"]
[Site "Moscow"]
[Date "1991.??.??"]
[Round "?"]
[White "Meshkov, Yuri A"]
[Black "Bykhovsky, Avigdor"]
[Result "0-1"]
[WhiteElo "2285"]
[BlackElo "2490"]

1.c4 e6 2.Nf3 d5 3.g3 c6 4.Qc2 f5 5.Bg2 Nf6 6.O-O Bd6 7.d3 O-O 8.Nc3 Nbd7
9.e4 fxe4 10.dxe4 dxc4 11.Qe2 e5 12.Qxc4+ Kh8 13.Bg5 Nb6 14.Qb3 Qe8 15.Rad1 Bc5
16.Qc2 Bg4 17.Rd3 Qh5 18.Be3 Bxe3 19.Rxe3 Be6 20.Ree1 Bc4 21.Ne2 Rad8 22.Rd1 Nfd7
23.b3 Ba6 24.Rfe1 Rxf3 25.Bxf3 Qxf3 26.Nc3 Rf8 27.Re3 Qh5 28.Nb1 Nf6 29.f3 Qf7
30.Qc5 h6 31.Na3 Ng4 32.Rc3 Be2 33.Rdc1 Bxf3 34.Rf1 Nxh2 35.Rf2 Rd8 36.Qxe5 Rd1+
37.Kxh2 Rh1+  0-1

[Event "Munich"]
[Site "Munich"]
[Date "1991.??.??"]
[Round "4"]
[White "Gelfand, Boris"]
[Black "Polgar, Zsuzsa"]
[Result "1/2-1/2"]
[WhiteElo "2700"]
[BlackElo "2510"]

1.c4 e6 2.Nf3 d5 3.g3 Nf6 4.Bg2 dxc4 5.Qa4+ Bd7 6.Qxc4 Bc6 7.O-O Nbd7 8.Qc2 Bd6
9.Nc3 O-O 10.a3 Nc5 11.b4 Nce4 12.Nd1 a5 13.d3 axb4 14.dxe4 Bxe4 15.Qb3 Bd5
16.Qd3 Qe7 17.Ne3 bxa3 18.Nxd5 exd5 19.Nd4 Ne4 20.Nb5 Bc5 21.Bxe4 dxe4 22.Qc3 Bb4
23.Qb3 Ra5 24.Nxc7 Rh5 25.Bf4 Bc5 26.g4 Rh4 27.h3 h5 28.Nd5 Qd8 29.Qg3 Qxd5
30.Qxh4 b5 31.Qxh5 Qxh5 32.gxh5 b4 33.Rfb1 Ra8 34.Ra2 f6 35.Kf1 Kf7 36.Bd2 Ra4
37.Ke1 Ke6 38.Kd1 Kd5 39.Kc2 Kc4 40.Be3 Bxe3 41.fxe3 Ra5 42.h4 Ra6 43.Raa1 Ra5
44.Rb3 Rc5 45.Rab1 Kb5+ 46.Kd2 a2 47.Rxb4+ Ka5 48.h6 gxh6 49.Rb8  1/2-1/2

[Event "Niksic"]
[Site "Niksic"]
[Date "1991.??.??"]
[Round "2"]
[White "Akopian, Vladimir"]
[Black "Miljanic, Boro"]
[Result "1-0"]
[WhiteElo "2555"]
[BlackElo "2390"]

1.c4 e6 2.Nf3 d5 3.b3 c5 4.Bb2 Nc6 5.cxd5 exd5 6.g3 Nf6 7.Bg2 Be7 8.O-O O-O
9.d4 Ne4 10.Nc3 Bf6 11.Na4 Re8 12.Rc1 b6 13.Re1 Ba6 14.dxc5 Bxb2 15.Nxb2 bxc5
16.Na4 c4 17.Nd2 Qf6 18.Nxe4 dxe4 19.bxc4 Rad8 20.Qb3 Nd4 21.Qa3 Rc8 22.Nc5 Qd6
23.Qxa6 Qxc5 24.e3 Nf3+ 25.Bxf3 exf3 26.Qb5 Re4 27.Qxc5 Rxc5 28.Red1 Kf8
29.Rd4 Re6 30.Kf1 Ra6 31.Rc2 Rca5 32.Rdd2 Rc5 33.Rc3 Ra4 34.Rdc2 Rca5 35.c5 Rxa2
36.Rc1 Ke7 37.c6 Kd8 38.Rd3+ Kc8 39.Rdd1 Kc7 40.e4 Ra6 41.Rd7+ Kc8 42.Rxf7 Ra1
43.Re1 R6a4 44.Rxf3 Rxe1+ 45.Kxe1 Rxe4+ 46.Kd2 Re7 47.Ra3 g5 48.h3 h6 49.Ra6 Rc7
50.Ke3 Kd8 51.Kd4 Rf7 52.c7+ Rxc7 53.Rxh6 Rf7 54.Ke3 a5 55.Rd6+ Ke8 56.Rd5 Ra7
57.Rxg5 a4 58.Kd4 a3 59.Re5+  1-0

[Event "NOR-chT"]
[Site "NOR"]
[Date "1991.??.??"]
[Round "?"]
[White "Groenn, Atle"]
[Black "Lauvsnes, Arild"]
[Result "1/2-1/2"]
[WhiteElo "2365"]
[BlackElo "2260"]

1.Nf3 e6 2.c4 d5 3.d4 c6 4.Nc3 f5 5.Bf4 Nf6 6.Qc2 Be7 7.e3 O-O 8.h3 Ne4 9.Be2 Nd7
10.g4 Qa5 11.Kf1 Ndf6 12.g5 Nh5 13.Be5 Bd7 14.h4 Be8 15.Nd2 f4 16.Ndxe4 dxe4
17.Qxe4 Bg6 18.Qf3 Qb4 19.Kg2 Qxb2 20.e4 Bb4 21.Rac1 Bxc3 22.Rxc3 Ng3 23.fxg3 fxg3
24.Rb3 Qc2 25.Rc3 Qb2 26.Rb3 Qc2 27.Rc3  1/2-1/2

[Event "Oostende op"]
[Site "Oostende"]
[Date "1991.??.??"]
[Round "7"]
[White "Cifuentes Parada, Roberto"]
[Black "Lalic, Susan"]
[Result "1-0"]
[WhiteElo "2535"]
[BlackElo "2275"]

1.c4 e6 2.Nf3 d5 3.g3 c5 4.cxd5 exd5 5.d4 Nc6 6.Bg2 Nf6 7.O-O Be7 8.Be3 Ng4
9.Bf4 O-O 10.Nc3 Be6 11.dxc5 Bxc5 12.Na4 Be7 13.Rc1 Qa5 14.Ng5 Nf6 15.Nxe6 fxe6
16.a3 Kh8 17.Bd2 Qd8 18.Nc5 Bxc5 19.Rxc5 Nd7 20.Rc1 Nde5 21.e3 Qf6 22.f4 Nc4
23.Bc3 Qg6 24.Qe2 Nd6 25.Qc2 Qxc2 26.Rxc2 Nc4 27.Re1 Rad8 28.Bd4 Kg8 29.Bc5 Nd6
30.e4 d4 31.Bxd6 Rxd6 32.e5 d3 33.Rd2 Rd4 34.Re4 Rd7 35.Bf1 g5 36.Rxd3 Rxd3
37.Bxd3 gxf4 38.gxf4 Rd8 39.Bc4 Kf7 40.f5 Rd1+ 41.Kf2 Rd2+ 42.Ke3 Rxh2 43.Bxe6+ Kf8
44.b3 a5 45.a4 h6 46.f6 Rh5 47.Kf4 Rh4+ 48.Kf5 Rh5+ 49.Kg6  1-0

[Event "Oostende op"]
[Site "Oostende"]
[Date "1991.??.??"]
[Round "8"]
[White "Sponheim, Olaf"]
[Black "Tischbierek, Raj"]
[Result "0-1"]
[WhiteElo "2290"]
[BlackElo "2480"]

1.c4 e6 2.Nf3 d5 3.cxd5 exd5 4.d4 Nf6 5.Nc3 Nbd7 6.Bg5 Bb4 7.a3 Bxc3+ 8.bxc3 c5
9.dxc5 Nxc5 10.Bxf6 Qxf6 11.Qd4 Ne4 12.Qxf6 gxf6 13.Rc1 Be6 14.Nd2 Rc8 15.Nxe4 dxe4
16.Kd2 Ke7 17.Ke3 Rc4 18.g3 Rhc8 19.Kd2 Ra4 20.Ra1 Rc5 21.Bg2 Bd5 22.f3 e3+
23.Kd3 Bc4+ 24.Kc2 Be6 25.Rhc1 Rd4 26.Rd1 Bf5+ 27.Kb2 Rb5+ 28.Kc1 Ra4 29.Rd4 Rxa3  0-1

[Event "Oviedo rapid"]
[Site "Oviedo"]
[Date "1991.??.??"]
[Round "3"]
[White "Ubilava, Elizbar"]
[Black "Piza Cortizo, Daniel"]
[Result "1-0"]
[WhiteElo "2535"]
[BlackElo "2325"]

1.c4 e6 2.Nf3 d5 3.b3 Nf6 4.Bb2 c5 5.e3 Nc6 6.Be2 Bd6 7.O-O O-O 8.cxd5 exd5
9.d4 cxd4 10.Nxd4 Re8 11.Nd2 Ne4 12.Nxe4 Rxe4 13.Bf3 Rh4 14.g3 Nxd4 15.Bxd4 Rh6
16.Bxd5 Bxg3 17.Bxf7+ Kxf7 18.fxg3+ Kg8 19.Qf3 Qe8 20.Rac1 Bh3 21.Rc7 Rg6
22.Qxb7  1-0

[Event "Oviedo rapid"]
[Site "Oviedo"]
[Date "1991.??.??"]
[Round "7"]
[White "Urday, Henry"]
[Black "Tukmakov, Vladimir B"]
[Result "0-1"]
[WhiteElo "2480"]
[BlackElo "2520"]

1.c4 e6 2.Nf3 d5 3.b3 Nf6 4.g3 b6 5.Bg2 Bb7 6.O-O Be7 7.Bb2 O-O 8.e3 Nbd7
9.Qe2 dxc4 10.bxc4 Nc5 11.d4 Nce4 12.Rd1 Qc8 13.Nc3 c5 14.Rac1 Rd8 15.Ne5 Nxc3
16.Bxc3 Bxg2 17.Kxg2 cxd4 18.exd4 Qb7+ 19.Qf3 Qxf3+ 20.Kxf3 Rac8 21.Bb2 Nd7
22.Nd3 Bf6 23.Ke3 Rc7 24.Rc2 Nb8 25.c5 b5 26.a4 bxa4 27.Ra1 Nc6 28.Rxa4 Rb7
29.Ne5 Bxe5 30.dxe5 a5 31.Ke2 Rb5 32.f4 h5 33.Rac4 Kh7 34.Bc3 Rd5 35.Bb2 Kg6
36.Kf3 Kf5 37.h3 Rd3+ 38.Kg2 Rb4 39.Rxb4 axb4  0-1

[Event "Palma de Mallorca op"]
[Site "Palma de Mallorca"]
[Date "1991.??.??"]
[Round "?"]
[White "Urday, Henry"]
[Black "Morales, Julian"]
[Result "1-0"]
[WhiteElo "2480"]
[BlackElo "2235"]

1.c4 e6 2.Nf3 d5 3.b3 Nf6 4.Bb2 Be7 5.g3 c6 6.Bg2 Qb6 7.Qc2 a5 8.Nc3 Nbd7
9.O-O Qa6 10.d3 O-O 11.e4 dxc4 12.bxc4 a4 13.e5 Ne8 14.Ne4 a3 15.Bc1 Qa4
16.Qe2 b5 17.Nd4 Bb7 18.Nc3 Qa5 19.Bd2 b4 20.Nb3 Qxe5 21.Ne4 Qc7 22.c5 Ra4
23.f4 Nef6 24.Rac1 Ba6 25.Ng5 Nb8 26.Be3 Rd8 27.Bd4 Qa7 28.Kh1 Bb5 29.Rfe1 Re8
30.Bh3 h6 31.Nf3 Bd8 32.f5 e5 33.Nxe5 Nbd7 34.Qf3 Qc7 35.Nc4 Rxe1+ 36.Rxe1 Bxc4
37.dxc4 Ra8 38.Bg2 Rc8 39.g4 Qb7 40.h4 Nf8 41.g5 hxg5 42.hxg5 N6h7 43.g6 Nf6
44.Re3 Qd7 45.Be5 fxg6 46.fxg6 Qg4 47.Bh3 Qxf3+ 48.Rxf3 Ra8 49.Bd6 Nxg6 50.Be6+ Kh8
51.Rh3+ Nh7 52.Nd4 Bf6 53.Bf5 Nh4 54.Bxh7 Kxh7 55.Nxc6 Re8 56.Nxb4 Re1+ 57.Kh2 Re2+
58.Kg1 Re4 59.Nd5 Bd4+ 60.Kf1 g5 61.c6  1-0

[Event "Palma de Mallorca op"]
[Site "Palma de Mallorca"]
[Date "1991.??.??"]
[Round "?"]
[White "Franco Ocampo, Zenon"]
[Black "Campos Moreno, Javier B"]
[Result "1-0"]
[WhiteElo "2495"]
[BlackElo "2480"]

1.c4 e6 2.Nf3 d5 3.e3 Nf6 4.d4 Bb4+ 5.Nbd2 O-O 6.a3 Be7 7.Bd3 Nbd7 8.O-O c5
9.cxd5 exd5 10.b3 a6 11.Bb2 b5 12.dxc5 Nxc5 13.Be2 Nfe4 14.Nd4 Bd7 15.Rc1 Qb6
16.Nxe4 dxe4 17.b4 Na4 18.Ba1 Qg6 19.Bh5 Qg5 20.Nc6 Bh3 21.Nxe7+ Kh8 22.Bf3 Rad8
23.Qe2 exf3 24.Qxf3 Be6 25.Nc6 Rd6 26.Nd4 Bd7 27.e4 Kg8 28.Qg3 Qh6 29.Nf5 Bxf5
30.exf5 Rfd8 31.Be5 Rd5 32.Rc6 g6 33.Bf6 Re8 34.fxg6 hxg6 35.Rxa6 Qd2 36.Qh4 Rh5
37.Qe4  1-0

[Event "Paris-ch"]
[Site "Paris"]
[Date "1991.??.??"]
[Round "2"]
[White "Gouret, Thierry"]
[Black "Khenkin, Igor"]
[Result "0-1"]
[WhiteElo "2205"]
[BlackElo "2460"]

1.c4 e6 2.Nf3 d5 3.d4 c5 4.cxd5 exd5 5.Nc3 Nc6 6.Bg5 Be7 7.Bxe7 Ngxe7 8.e3 c4
9.Be2 Rb8 10.O-O b5 11.b3 Qa5 12.Qc1 O-O 13.e4 Be6 14.Rd1 Rfd8 15.a4 b4 16.Nxd5 Nxd5
17.exd5 Bxd5 18.Bxc4 Bxf3 19.gxf3 Nxd4 20.Kg2 Qf5 21.Rd3 Qg6+ 22.Kh1 Qf6
23.Qd1 Nxf3 24.Ra2 Rxd3 25.Qxd3 Qf4 26.Kg2 Ne1+  0-1

[Event "Paris-ch"]
[Site "Paris"]
[Date "1991.??.??"]
[Round "2"]
[White "Gilles, Raphael"]
[Black "Nuvolini, Dominique"]
[Result "1-0"]
[WhiteElo "2100"]
[BlackElo "2240"]

1.c4 e6 2.Nf3 d5 3.b3 Nf6 4.g3 Be7 5.Bg2 O-O 6.O-O c5 7.Bb2 Nc6 8.e3 b6 9.Qe2 Bb7
10.d3 Rc8 11.Rd1 Rc7 12.Nc3 Rd7 13.cxd5 Nxd5 14.Nxd5 exd5 15.d4 Bf6 16.Rac1 cxd4
17.Nxd4 Nxd4 18.Bxd4 Qe7 19.Qb5 Rfd8 20.Rc2 h6 21.h4 Bxd4 22.Rxd4 Rd6 23.Kh2 Qf6
24.Qe2 R8d7 25.Qd1 Kf8 26.Kg1 Rd8 27.Rc7 R6d7 28.Rxd7 Rxd7 29.Bxd5 Bxd5 30.Rxd5 Rxd5
31.Qxd5 a5 32.Qd4 Qxd4 33.exd4 Ke7 34.Kf1 Kd6 35.Ke2 Kd5 36.Kd3 g6 37.a4 h5
38.f3 f6 39.g4 Kd6 40.gxh5 gxh5 41.Ke4 Ke6 42.d5+ Kd6 43.f4  1-0

[Event "Ponferrada op"]
[Site "Ponferrada"]
[Date "1991.??.??"]
[Round "?"]
[White "Ubilava, Elizbar"]
[Black "Hoffman, Alejandro"]
[Result "1-0"]
[WhiteElo "2535"]
[BlackElo "2415"]

1.c4 e6 2.Nf3 d5 3.b3 Nf6 4.g3 Be7 5.Bg2 O-O 6.O-O c5 7.Bb2 b6 8.Nc3 Bb7
9.e3 Nc6 10.Qe2 Re8 11.d3 Qc7 12.Rac1 Rad8 13.Rfd1 Qb8 14.cxd5 Nxd5 15.Nxd5 Rxd5
16.Nd2 Rdd8 17.d4 Nb4 18.a3 Bxg2 19.Kxg2 Qb7+ 20.Qf3 Qxf3+ 21.Nxf3 Na6 22.Ne5 Bf6
23.Nc6 Rd7 24.b4 Nb8 25.Nxb8 Rxb8 26.Rd2 cxd4 27.Bxd4 Rbd8 28.Bxf6 gxf6 29.Rxd7 Rxd7
30.Rc8+ Kg7 31.Ra8 f5 32.b5 Rc7 33.a4 Kf6 34.Kf3 h5 35.h3 a5 36.bxa6 Rc4
37.a5 bxa5 38.Rb8 Rc7 39.Rb5 a4 40.Ra5 Ra7 41.e4 fxe4+ 42.Kxe4 Ke7 43.Kf4 f6
44.g4  1-0

[Event "Recife"]
[Site "Recife"]
[Date "1991.??.??"]
[Round "6"]
[White "Sunye Neto, Jaime"]
[Black "Van Riemsdijk, Herman C"]
[Result "1/2-1/2"]
[WhiteElo "2475"]
[BlackElo "2450"]

1.c4 e6 2.Nf3 d5 3.d4 Nf6 4.Nc3 Bb4 5.g3 dxc4 6.Bg2 c5 7.O-O Nc6 8.dxc5 Qxd1
9.Rxd1 Bxc5 10.Bg5 Bd7 11.Rac1 Rc8 12.Bxf6 gxf6 13.Ne4 Be7 14.Rxc4 Ne5 15.Nxe5 fxe5
16.Nd2 b6 17.Rxc8+ Bxc8 18.Nc4 f6 19.Bh3 Bc5 20.a3 Ba6 21.Rc1 Ke7 22.e3 Rc8
23.Nd2 f5  1/2-1/2

[Event "SCO-ch"]
[Site "SCO"]
[Date "1991.??.??"]
[Round "9"]
[White "Grant, Jonathan"]
[Black "Bryson, Douglas M"]
[Result "1-0"]
[WhiteElo "2215"]
[BlackElo "2340"]

1.c4 e6 2.Nf3 d5 3.b3 Nf6 4.g3 c5 5.Bg2 Nc6 6.O-O Be7 7.e3 O-O 8.Bb2 d4 9.exd4 cxd4
10.Re1 d3 11.a3 a5 12.Nc3 Nd7 13.Nb5 Nc5 14.Ne5 Ra6 15.Nxc6 bxc6 16.Nd4 Bb7
17.b4 Bf6 18.Nxc6 Bxc6 19.Bxf6 Qxf6 20.bxc5 Qd4 21.Qb3 Bxg2 22.Kxg2 Rc6 23.Rac1 Rxc5
24.Re3 Rd8 25.Rc3 Qd6 26.Qb7 Rc7 27.Qf3 Rcd7 28.c5 Qc7 29.Rexd3 Rxd3 30.Rxd3 Rxd3
31.Qxd3 Qxc5 32.Qd8+ Qf8 33.Qxa5 h5 34.a4 Qc8 35.Qb5 Qa8+ 36.f3 Qd8 37.d3 g6
38.a5 Qd4 39.a6 Qe3 40.Qb2 Qa7 41.Qb7 Qe3 42.a7  1-0

[Event "UKR-chT"]
[Site "Simferopol"]
[Date "1991.??.??"]
[Round "?"]
[White "Vainerman, Igor"]
[Black "Kaspi, Alexander"]
[Result "0-1"]
[WhiteElo "2400"]
[BlackElo "2390"]

1.c4 e6 2.Nf3 d5 3.d4 c6 4.Nc3 dxc4 5.e3 b5 6.a4 Bb4 7.Bd2 a5 8.axb5 Bxc3
9.Bxc3 cxb5 10.b3 Bb7 11.bxc4 b4 12.Bb2 Nf6 13.Bd3 Be4 14.Bxe4 Nxe4 15.Qc2 Nf6
16.e4 O-O 17.O-O Nfd7 18.c5 Qc7 19.Rfc1 Rc8 20.Qd2 Qd8 21.d5 Nxc5 22.Bxg7 Kxg7
23.Rxc5 Rxc5 24.Qd4+ Qf6 25.e5 Qe7 26.d6 Qa7 27.Qg4+ Kh8 28.Qh4 Nd7 29.Ng5 Nf8
30.Ne4 Ng6 31.Qf6+ Kg8 32.Qg5 Rxe5 33.Nf6+ Kh8 34.Qh6 Nf8 35.g4 Qd4 36.Rf1 Qxd6  0-1

[Event "BUL-chT"]
[Site "Sofia"]
[Date "1991.??.??"]
[Round "4"]
[White "Chilingirova, Pavlina"]
[Black "Gocheva, Rumiana B"]
[Result "1/2-1/2"]
[WhiteElo "2240"]
[BlackElo "2220"]

1.c4 e6 2.Nf3 d5 3.d4 Bb4+ 4.Bd2 a5 5.a3 Be7 6.Nc3 Nf6 7.e3 dxc4 8.Bxc4 O-O
9.O-O b6 10.Rc1 Ba6 11.Bxa6 Nxa6 12.Ne5 c5 13.Nc6 Qd7 14.Nxe7+ Qxe7 15.Na4 Nd7
16.Qe2 Rfb8 17.Qb5 Qd6 18.Rfd1 cxd4 19.exd4 Nc7 20.Qc6 Qxc6 21.Rxc6 Nd5 22.Rdc1 h6
23.Kf1 N7f6 24.Ke2 Kf8 25.f3 Ke7 26.g4 Kd7 27.R6c2 Rc8 28.Kd3 Rxc2 29.Rxc2 Rc8
30.Nc3 Rc6 31.h4 Nc7 32.h5 Ncd5 33.Rc1 Rc8 34.Ne4 Rxc1 35.Bxc1 Nxe4 36.Kxe4 Kd6
37.a4 Nf6+ 38.Kd3 Kd5 39.b3 Nd7 40.Ba3 f5 41.gxf5 Nf6 42.fxe6 Nxh5 43.e7 Nf6
44.f4 g6 45.b4 axb4 46.Bxb4 h5 47.Ba3 Ke6 48.Ke2 Kd7 49.Kf3 Nd5 50.Ke4 Nxe7
51.d5 Nf5 52.Bb4 h4 53.Kf3 Ne7  1/2-1/2

[Event "Tatran Cup"]
[Site "Stary Smokovec"]
[Date "1991.??.??"]
[Round "9"]
[White "Plachetka, Jan"]
[Black "Matlak, Marek"]
[Result "1/2-1/2"]
[WhiteElo "2470"]
[BlackElo "2420"]

1.c4 e6 2.Nf3 d5 3.g3 g6 4.Bg2 Bg7 5.O-O Ne7 6.d4 Nbc6 7.e3 O-O 8.Qe2 b6
9.Rd1 Ba6 10.Na3 Na5 11.b3 c5 12.Bb2 cxd4 13.Bxd4 f6 14.Qb2 Qe8 15.cxd5 Nxd5
16.e4 Nb4 17.Ne1 e5 18.Bc3 Qe7 19.Nac2 Nxc2 20.Nxc2 Rfd8 21.Ne3 Bb7 22.b4 Nc6
23.Nd5 Qf7 24.Rac1 Ne7 25.Nc7 Rac8 26.Nb5 Rxd1+ 27.Rxd1 Qc4 28.a4 Kf8 29.Be1 Bxe4
30.Nxa7 Bxg2 31.Kxg2 Qe4+ 32.Kg1 Qc2 33.Qxc2 Rxc2 34.a5 bxa5 35.bxa5 Ra2
36.Bb4 Ke8 37.Nb5 Nc6 38.Nc7+ Kf7 39.Rd7+ Kg8 40.Bc3 Ra3 41.Nd5 h5 42.Kg2 Nxa5
43.Bb4 Ra1 44.Bc3 Ra3 45.Bb4 Ra1 46.Ne7+ Kh7 47.Nd5  1/2-1/2

[Event "Stockholm"]
[Site "Stockholm"]
[Date "1991.??.??"]
[Round "?"]
[White "Svenn, Gosta"]
[Black "Ziegler, Ari"]
[Result "0-1"]
[WhiteElo "2335"]
[BlackElo "2275"]

1.c4 e6 2.Nf3 d5 3.g3 Nf6 4.Bg2 Be7 5.O-O O-O 6.d4 c5 7.cxd5 exd5 8.Nc3 Nc6
9.dxc5 Bxc5 10.Bg5 d4 11.Ne4 Be7 12.Bxf6 Bxf6 13.Ne1 Be7 14.Nd3 Qb6 15.Rc1 Bf5
16.Qa4 Rfe8 17.Rfe1 Bf8 18.Nec5 Bxd3 19.Nxd3 Nb4 20.b3 Rad8 21.Bf3 a5 22.Nb2 Qa6
23.Nc4 b5 24.Qxa5 bxc4 25.Qxa6 Nxa6 26.Rxc4 Nb4 27.Rd1 Nxa2 28.Rdxd4 Rxd4
29.Rxd4 Nc3 30.e3 Rb8 31.Rc4 Rxb3 32.Rc7 g6 33.h4 h5 34.Kg2 Bd6 35.Rb7 Rxb7
36.Bxb7 Kg7 37.e4 Kf6 38.f4 Ba3 39.Kf3 Bc1 40.Bc6 Na2 41.Ba4 Nb4 42.Bb3 Nc6
43.Bc4 Nd4+ 44.Kf2 Ke7 45.Bd5 Nc2 46.Bb3 Ne3 47.Kf3 Ng4 48.Ba2 Bd2 49.Ke2 Be3
50.Kf3 Bf2 51.Bb3 Be1 52.Bc4 Nf6 53.Bb3 Ne8 54.Bc4 Nd6 55.Ba2 Kf8 56.Bb1 Kg7
57.Bd3 Kh6 58.Ba6 f5 59.exf5 Nxf5 60.g4 Nxh4+ 61.Ke2 Bg3 62.gxh5 Kxh5 63.Ke3 Kg4
64.Be2+ Kf5 65.Bd3+ Kf6 66.Be4 Bh2 67.Bxg6 Nxg6 68.Ke4 Bxf4 69.Kd4 Kf5 70.Kd5 Be5
71.Kc4 Ke4 72.Kc5 Ne7 73.Kc4 Bd4 74.Kb5 Kd5 75.Kb4 Nf5 76.Kb5 Bc5 77.Ka6 Kc6
78.Ka5 Nd4 79.Ka6 Ne2 80.Ka5 Nc3 81.Ka6 Bb4 82.Ka7 Nd5 83.Ka6 Nb6 84.Ka7 Bd6
85.Ka6 Bb8 86.Ka5 Nd5 87.Ka4 Kc5 88.Kb3 Nb4 89.Kc3 Bf4 90.Kb3 Be5 91.Ka4 Kc4
92.Ka5 Bc7+ 93.Ka4 Bd8 94.Ka3 Nd3 95.Ka4 Nb2+ 96.Ka3 Kc3 97.Ka2 Kc2 98.Ka3 Be7+
99.Ka2 Nd3 100.Ka1 Bf8  0-1

[Event "URS-sf"]
[Site "Voronezh"]
[Date "1991.??.??"]
[Round "?"]
[White "Ivanov, Oleg"]
[Black "Vasiliev, Vladislav"]
[Result "1-0"]
[WhiteElo "2390"]
[BlackElo "2305"]

1.c4 e6 2.Nf3 d5 3.d4 Nf6 4.e3 c6 5.Nbd2 Nbd7 6.Bd3 dxc4 7.Nxc4 c5 8.O-O Be7
9.e4 cxd4 10.e5 Nd5 11.Nxd4 N7b6 12.Qg4 g6 13.Bh6 Nxc4 14.Bxc4 a6 15.Rad1 Qb6
16.Bb3 Bd7 17.Qf3 Nb4 18.Bg7 Rg8 19.Bf6 Bxf6 20.Qxf6 Qd8 21.Qf4 Qe7 22.a3 Nc6
23.Nxc6 Bxc6 24.Rd6 g5 25.Qd4 Kf8 26.Bc2 h5 27.Rd1 Rc8 28.Be4 Bxe4 29.Qxe4 Kg7
30.Qf3 g4 31.Qf4 Rc7 32.g3 Kh7 33.Qe4+ Kh6 34.Kg2 Qg5 35.Rd7 Rgc8 36.R1d6 Kg7
37.h4 gxh3+ 38.Kxh3 Qg6 39.Qf4 Rc4 40.Rd4 Rxd4 41.Rxd4 Rc2 42.b4 Ra2 43.Qf3 b5
44.Rf4 Kg8 45.g4 h4 46.Rf6 Qb1 47.Qa8+ Kg7 48.Qb7 Qd3+ 49.Kxh4 Qh7+ 50.Kg5 Kf8
51.Qc8+ Kg7 52.Qd7 Kf8 53.Qd8+ Kg7 54.Qe7 Kh8 55.Rh6  1-0

[Event "Werfen"]
[Site "Werfen"]
[Date "1991.??.??"]
[Round "2"]
[White "Schwartzman, Gabriel"]
[Black "Singer, Christoph"]
[Result "1-0"]
[WhiteElo "2360"]
[BlackElo "2285"]

1.c4 e6 2.Nf3 d5 3.g3 Nf6 4.Bg2 dxc4 5.Qa4+ Nbd7 6.Qxc4 c5 7.O-O b6 8.Nd4 Ne5
9.Qc2 Rb8 10.Nb5 Bd7 11.d4 Ng6 12.a4 a6 13.dxc5 Bxc5 14.N5c3 O-O 15.Bg5 h6
16.Bxf6 Qxf6 17.Nd2 Qe7 18.Nde4 Bb4 19.Na2 Rfc8 20.Qb3 Ba5 21.Rfd1 Rd8 22.Nd6 Be8
23.Nxe8 Rxe8 24.Rac1 Red8 25.Qc4 Rxd1+ 26.Rxd1 Qc5 27.Qe4 b5 28.b4 Qb6 29.bxa5 Qxa5
30.Qb4 Qc7 31.Rc1 Qe5 32.a5 Qxe2 33.Qd6 Qe5 34.Qxe5 Nxe5 35.Nb4 Nc4 36.Ra1  1-0

[Event "Hoogovens-B"]
[Site "Wijk aan Zee"]
[Date "1991.??.??"]
[Round "8"]
[White "Bosboom, Manuel"]
[Black "Kuijf, Marinus"]
[Result "0-1"]
[WhiteElo "2480"]
[BlackElo "2440"]

1.c4 e6 2.Nf3 d5 3.g3 dxc4 4.Bg2 Nd7 5.Qa4 a6 6.Qxc4 b5 7.Qc2 Bb7 8.O-O Ngf6
9.b3 Be7 10.Bb2 c5 11.d3 O-O 12.Nbd2 Qb6 13.Rac1 Rac8 14.Qb1 Rfd8 15.Qa1 Bf8
16.Rc2 Nd5 17.a3 Ra8 18.Rfc1 a5 19.d4 cxd4 20.Bxd4 Qa6 21.Bf1 a4 22.b4 Rac8
23.e3 Rxc2 24.Rxc2 N5f6 25.Bxf6 Nxf6 26.Nd4 Qb6 27.Nxb5 Rxd2 28.Rxd2 Qc6
29.f3 Qxf3 30.Bg2 Qxe3+ 31.Rf2 Ng4 32.Qd4 Qe1+ 33.Bf1 Nxf2 34.Qxf2 Qc1 35.Qb6 Bd5
36.Qd4 g6 37.Qc3 Qb1 38.Nc7 Bg7 39.Qd3 Be4 40.Qd8+ Bf8 41.Ne8 Bc6 42.Nf6+ Kg7
43.Nxh7 Bxb4 44.axb4 Qxb4 45.Qf6+ Kxh7 46.Qxf7+ Kh6 47.Kf2 Qc5+ 48.Ke1 Qc1+
49.Kf2 Qc2+ 50.Ke1 Qc3+ 51.Kf2 Qc5+ 52.Ke1 Qa5+ 53.Kd1 Qd5+ 54.Ke1 Qa5+ 55.Kd1 Qf5
56.Qxf5 gxf5 57.Kc2 Bd5 58.Kb2 e5 59.Ka3 Bb3 60.Be2 e4 61.Kb2 Bf7 62.h3 Bb3  0-1

[Event "Oberliga Wuert9091"]
[Site "Wuerttemberg"]
[Date "1991.??.??"]
[Round "?"]
[White "Knoedler, Dieter"]
[Black "Schmitt, Axel"]
[Result "1/2-1/2"]
[WhiteElo "2235"]
[BlackElo "2315"]

1.c4 e6 2.Nf3 d5 3.g3 dxc4 4.Qa4+ Bd7 5.Qxc4 c5 6.Ne5 Nc6 7.Nxd7 Qxd7 8.Bg2 Nf6
9.Nc3 Be7 10.O-O Rc8 11.Qa4 O-O 12.d3 Rfd8 13.Be3 Nd5 14.Nxd5 exd5 15.Rac1 d4
16.Bd2 Bd6 17.a3 a6 18.Rfe1 Rc7 19.Qb3 b5 20.Qd5 Ne7 21.Qh5 g6 22.Qf3 Nc6
23.Bf4 Na5 24.Bg5 Re8 25.e3 Nb3 26.Rcd1 a5 27.Bf6 Be5 28.Bxe5 Rxe5 29.exd4 Qxd4
30.Rxe5 Qxe5 31.Qd5 Qxd5 32.Bxd5 Nd4 33.Re1 Kf8 34.Kg2 Rd7 35.Ba2 Re7 36.Rxe7 Kxe7
37.f4 f6 38.Kf2 a4 39.Ke3 f5 40.h4 Nb3 41.Bb1 Kd6 42.Bc2 Kd5 43.Bb1 c4 44.dxc4+ bxc4
45.Bc2 c3 46.bxc3 Kc4 47.Bd1 Kxc3 48.g4 Kb2 49.gxf5 gxf5 50.Kd3 Kxa3 51.Kc3 Nc1
52.Kc4 Nb3 53.Kc3 Nc1 54.Kc4  1/2-1/2

[Event "Ajka op"]
[Site "Ajka"]
[Date "1992.??.??"]
[Round "7"]
[White "Vadasz, Laszlo"]
[Black "Almasi, Istvan"]
[Result "1/2-1/2"]
[WhiteElo "2305"]
[BlackElo "2430"]

1.Nf3 e6 2.c4 d5 3.g3 Nf6 4.Bg2 Be7 5.O-O O-O 6.d4 dxc4 7.Qc2 a6 8.a4 Bd7
9.Bg5 Bc6 10.Qxc4 Nbd7 11.Nc3 h6 12.Bxf6 Nxf6 13.Rfd1 Qd6 14.Qd3 Rfd8 15.e4 Qb4
16.Qc2 Qb6 17.a5 Qa7 18.Qd3 b5 19.axb6 Qxb6 20.Ne5 Bb5 21.Nxb5 axb5 22.Rxa8 Rxa8
23.d5 Bc5 24.Qc2 exd5 25.exd5 Re8 26.Nd3 Bd4 27.Bf3 Nd7 28.Kg2  1/2-1/2

[Event "Amantea op"]
[Site "Amantea"]
[Date "1992.??.??"]
[Round "?"]
[White "Contin, Daniel"]
[Black "Dizdar, Goran"]
[Result "1-0"]
[WhiteElo "2335"]
[BlackElo "2495"]

1.c4 e6 2.Nf3 d5 3.b3 Nf6 4.g3 Be7 5.Bg2 O-O 6.O-O b6 7.Bb2 Bb7 8.e3 c5 9.Qe2 Nc6
10.Rd1 Rc8 11.Nc3 dxc4 12.bxc4 Qc7 13.Rab1 Rfd8 14.d3 Qb8 15.Bh3 Qa8 16.Ng5 Rf8
17.d4 cxd4 18.exd4 Rcd8 19.Nb5 h6 20.Nxe6 fxe6 21.Bxe6+ Kh8 22.d5 Bc5 23.dxc6 Bxc6
24.Nc7 Rxd1+ 25.Rxd1 Qb7 26.Nd5 Nxd5 27.cxd5 Rxf2 28.Qxf2 Bxf2+ 29.Kxf2 Bd7
30.Ba3 Qa6 31.Bxd7 Qxa3 32.d6 Qxa2+ 33.Kg1 Qc2 34.Bg4 Qc5+ 35.Kg2 Qc2+ 36.Kh3 h5
37.Bxh5 Qh7 38.Rd5 Qe4 39.Bf7 g5 40.d7 g4+ 41.Kh4 Qe7+ 42.Kxg4 Qd8 43.Be6  1-0

[Event "Asuncion"]
[Site "Asuncion"]
[Date "1992.??.??"]
[Round "6"]
[White "Valiente, Cristobal"]
[Black "Salazar, Hernan"]
[Result "0-1"]
[WhiteElo "2345"]
[BlackElo "2380"]

1.c4 e6 2.Nf3 d5 3.d4 c5 4.e3 Nf6 5.Nc3 Nc6 6.a3 cxd4 7.exd4 Ne4 8.Bd3 Nxc3
9.bxc3 dxc4 10.Bxc4 Be7 11.O-O O-O 12.Re1 b6 13.Bd3 Bb7 14.Qe2 Rc8 15.Bb2 Bf6
16.Rad1 Na5 17.c4 Qc7 18.Rc1 Qf4 19.Qe3 Qxe3 20.fxe3 Ba6 21.Nd2 Rfd8 22.Rc2 g6
23.Be2 Bg7 24.Kf2 Rd7 25.Rec1 f5 26.c5 Bxe2 27.Kxe2 Rdc7 28.Bc3 Nb7 29.cxb6 axb6
30.Kd3 e5 31.Nb3 e4+ 32.Kd2 Bh6 33.d5 f4 34.Nd4 fxe3+ 35.Ke2 Rf8 36.Be1 Rxc2+
37.Rxc2 Nc5 38.Ne6 Ra8 39.Bb4 Nd3 40.d6 Nxb4 41.axb4 Kf7 42.Nc7 Ra1 43.Nd5 Ke6
44.Nxb6 Rg1 45.d7 Bg5 46.Rc6+ Kf7 47.g3 Rg2+ 48.Kf1 Rxh2 49.Rc8 Rd2 50.Nc4 Rd5
51.Rc5 Rxc5 52.bxc5 Ke6 53.Nb6 Be7 54.Ke2 h5 55.c6 Bd8 56.Na8 Kd6 57.c7 Bxc7
58.Nxc7 Kxc7 59.Kxe3 Kxd7 60.Kxe4 Ke6 61.g4 h4 62.g5 h3 63.Kf3 Kf5 64.Kg3 Kxg5
65.Kxh3 Kf4 66.Kg2 Kg4 67.Kf1 Kf3 68.Kg1 Kg3 69.Kh1 g5 70.Kg1 g4  0-1

[Event "Bad Woerishofen op"]
[Site "Bad Woerishofen"]
[Date "1992.??.??"]
[Round "3"]
[White "Reschke, Stefan"]
[Black "Blatny, Pavel"]
[Result "1-0"]
[WhiteElo "2325"]
[BlackElo "2480"]

1.c4 e6 2.Nf3 d5 3.b3 Be7 4.Bb2 Bf6 5.Qc2 Nc6 6.g3 Nb4 7.Qc1 dxc4 8.bxc4 Bd7
9.Bg2 Ba4 10.O-O c5 11.a3 Nc6 12.Bxf6 Nxf6 13.Nc3 Qa5 14.Rb1 O-O-O 15.d3 Rd7
16.Nxa4 Qxa4 17.Qg5 Ne8 18.Qxc5 b6 19.Qb5 Qxb5 20.cxb5 Nd4 21.Rfc1+ Nc7 22.Rb2 Nxf3+
23.Bxf3 Rhd8 24.a4 Rd4 25.Rbc2 R8d7 26.Bc6 Re7 27.Ra2 Kb8 28.Rc4 Rxc4 29.dxc4 e5
30.a5 Ne6 31.axb6 axb6 32.Ra8+ Kc7 33.Bd5 Nc5 34.Rh8 h6 35.Kg2 Nd7 36.Ra8 Nc5
37.Rf8 f6 38.Kh3 e4 39.Kg4 Na4 40.Ra8 Nc3 41.Ra7+ Kd6 42.Rxe7 Kxe7 43.Kf5 Nd1
44.Kxe4 Nxf2+ 45.Kf5 g5 46.Kg6 Ng4 47.h3 Nf2 48.Bg2 Nd1 49.Bd5 Ne3 50.h4 gxh4
51.gxh4 f5 52.h5 f4 53.Kxh6 Kf6 54.Kh7 Nf5 55.c5  1-0

[Event "Bankia tt"]
[Site "Bankia"]
[Date "1992.??.??"]
[Round "2"]
[White "Ninov, Kiril"]
[Black "Semkov, Semko"]
[Result "1/2-1/2"]
[WhiteElo "2395"]
[BlackElo "2480"]

1.c4 e6 2.Nf3 d5 3.g3 c6 4.Bg2 Bd6 5.b3 Ne7 6.Bb2 O-O 7.O-O Nd7 8.Qc2 e5
9.cxd5 cxd5 10.Ba3 Nf6 11.Qb2 Ng6 12.d3 Bxa3 13.Nxa3 Qe7 14.Rac1 Bd7 15.Rfd1 Rfc8
16.Rxc8+ Rxc8 17.d4 e4 18.Ne5 Be8 19.Bh3 Rc7 20.Nc2 Qd6 21.Ne3 Ne7 22.Rc1 Kf8
23.Kg2 Rxc1 24.Qxc1 b6 25.a4 Nfg8 26.f3 h5 27.fxe4 f6 28.Nd3 dxe4 29.Nf4 g5
30.Ne6+ Kf7 31.Qc4 g4 32.Nc7+ Kf8 33.Ne6+ Kf7 34.Nc7+  1/2-1/2

[Event "Bankia tt"]
[Site "Bankia"]
[Date "1992.??.??"]
[Round "3"]
[White "Velikov, Petar"]
[Black "Dobrev, Nanko"]
[Result "1/2-1/2"]
[WhiteElo "2445"]
[BlackElo "2405"]

1.c4 e6 2.Nf3 d5 3.g3 g6 4.Bg2 Bg7 5.O-O Ne7 6.Na3 O-O 7.Rb1 c5 8.b4 cxb4
9.Rxb4 Nbc6 10.Rb1 Rb8 11.Bb2 e5 12.d3 e4 13.Ne1 exd3 14.Nxd3 dxc4 15.Nxc4 Be6
16.Bxg7 Kxg7 17.Nde5 Qxd1 18.Rfxd1 Nxe5 19.Nxe5 Rfd8 20.Rxd8 Rxd8 21.Bxb7 Rd2
22.a4 Rxe2 23.Nc6  1/2-1/2